Olivia Rodrigo All songs - Statistics

General Stats
  • This quiz has been taken 22 times
  • The average score is 24 of 45
Answer Stats
Hint Answer % Correct
s get him back!
94%
s vampire
94%
s brutal
88%
s Can't Catch Me Now
88%
s deja vu
88%
s happier
88%
s all-american bitch
82%
s bad idea right?
82%
s drivers license
82%
s lacy
82%
s the grudge
82%
s traitor
82%
s All I Want
76%
s jealousy, jealousy
76%
s obsessed
76%
s scared of my guitar
76%
s ballad of a homeschooled girl
71%
s enough for you
71%
s favorite crime
71%
s good 4 u
71%
s hope ur ok
71%
s logical
71%
s making the bed
71%
s so american
71%
s stranger
71%
s 1 step forward, 3 steps back
65%
s girl i've always been
65%
s pretty isn't pretty
65%
s teenage dream
65%
s love is embarrassing
59%
s The Rose Song
29%
s Let It Glow
12%
s Out of the Old
12%
s Wondering
12%
s Bizaardvark Theme Song
6%
s Blobfish
6%
s Love the Haters
6%
s The Comeback Song
6%
s Bop to the Top - Nini & Kourtney Version
0%
s Breaking Free - Nini, Ricky & E.J. Version
0%
s I Think I Kinda, You Know - Duet
0%
s I Think I Kinda, You Know - Nini Version
0%
s Start of Something New - Nini Version
0%
s What I've Been Looking For - Nini & E.J. Version
0%
s Wondering - Ashlyn & Nini Piano Version
0%
No matching quizzes found
Score Distribution
Percent of People with Each Score
Percentile by Number Answered
Your Score History
You have not taken this quiz